The Human Body by letter - A - Statistics

General Stats
  • This quiz has been taken 2,415 times
    2,414 since last reset
  • The average score is 10 of 15
Answer Stats
Hint Answer % Correct
Between Hand and Shoulder Arm
95%
Large Artery connected to the Left Ventricle Aorta
93%
Faeces exit Anus
84%
Attached to Large Intestine, has no Function Appendix
82%
Hairy and Sweaty area under the Shoulder Armpit
82%
Joint connecting the Foot and the Leg Ankle
81%
Blood Vessels carrying Blood away from the Heart Arteries
76%
Tendon running from the Heel to the Calf Muscles Achilles Tendon
72%
Between the Thorax and the Pelvis Abdomen
59%
Your Heart has two of these Chambers Atria
57%
Produces Adrenaline Adrenal Glands
53%
Sacs in the lung where the Gas Exhange takes place Alveoli
48%
Term for the Rectus Abdominis Muscle Abs
43%
One of the three small bones in the Ear Anvil
37%
Term for the Larynx or Voice Box Adam's Apple
34%
No matching quizzes found
Score Distribution
Percent of People with Each Score
Percentile by Number Answered
Your Score History
You have not taken this quiz since the last reset